Analytický model štátnych rozpočtov ČSSR výdavková časť ŠPEV V-4/3.2 : čiastková úloha
Na minha lista:
| Autor principal: | |
|---|---|
| Formato: | Livro |
| Idioma: | eslovaco |
| Publicado em: |
Bratislava
Výskumný ústav finančnej a úverovej sústavy
1979
|
| Colecção: | Výskumné práce
5/79 |
| Tags: |
Sem tags, seja o primeiro a adicionar uma tag!
|
MARC
| LEADER | 00000nam a2200000 4500 | ||
|---|---|---|---|
| 001 | 0220639 | ||
| 005 | 20240822101658.1 | ||
| 041 | 0 | |a slo | |
| 044 | |a SK | ||
| 245 | 1 | 0 | |a Analytický model štátnych rozpočtov ČSSR |b výdavková časť ŠPEV V-4/3.2 : čiastková úloha |c M. Letenayová |
| 264 | 1 | |a Bratislava |b Výskumný ústav finančnej a úverovej sústavy |c 1979 | |
| 300 | |a 57 s. | ||
| 490 | 1 | |a Výskumné práce |v 5/79 | |
| 830 | 0 | |a Výskumné práce |v 5/79 | |
| 100 | 1 | |a Letenayová, M. | |